[Event "AUT-ch"]
[Site "Vienna"]
[Date "2023.07.26"]
[Round "5"]
[White "Hengl, Philip"]
[Black "Groetz, Harald"]
[Result "0-1"]
[WhiteElo "2110"]
[BlackElo "2232"]
[PlyCount "112"]
[EventDate "2023.07.22"]
[EventType "swiss"]
[EventRounds "9"]
[EventCountry "AUT"]
[SourceTitle "CBM 215 Extra"]
[Source "ChessBase"]
[SourceDate "2023.09.30"]
[SourceVersion "1"]
[SourceVersionDate "2023.09.30"]
[SourceQuality "1"]

1. e4 c5 2. Ne2 e6 3. g3 Nc6 4. Bg2 a6 5. 0-0 Qc7 6. c3 Nf6 7. d4 d6 8. h3 Be7 9. Be3 0-0 10. Kh2 Re8 11. Nd2 b5 12. Nf4 Bb7 13. d5 exd5 14. exd5 Ne5 15. Ne4 Nxe4 16. Bxe4 g6 17. b3 Bf6 18. Bg2 Qe7 19. Qd2 Qf8 20. Rac1 a5 21. Nd3 b4 22. c4 Nxd3 23. Qxd3 a4 24. h4 axb3 25. axb3 Ra3 26. Rc2 Bc8 27. Bh3 Bxh3 28. Kxh3 Bc3 29. Rb1 Qe7 30. Bc1 Qe1 31. Kg2 Ra7 32. Qf3 h5 33. Qd3 Bd4 34. Rd2 Qe5 35. Bb2 Bxb2 36. Rbxb2 Qc3 37. Rbc2 Qxd3 38. Rxd3 Re1 39. Rb2 Kg7 40. Kf3 Kf6 41. Kf4 Raa1 42. Kf3 Kf5 43. Re2 Rxe2 44. Kxe2 Ra2+ 45. Kf3 Rb2 46. Re3 f6 47. Kg2 g5 48. Kf3 Rc2 49. hxg5 fxg5 50. Re6 Rc3+ 51. Kg2 Rxb3 52. Rxd6 Rc3 53. Rc6 Rxc4 54. d6 Ke6 55. f4 gxf4 56. gxf4 Kd7 0-1

[Event "AUT-ch"]
[Site "Vienna"]
[Date "2023.07.24"]
[Round "3"]
[White "Jaiveer, Mahendru"]
[Black "Groetz, Harald"]
[Result "1/2-1/2"]
[WhiteElo "2004"]
[BlackElo "2232"]
[PlyCount "118"]
[EventDate "2023.07.22"]
[EventType "swiss"]
[EventRounds "9"]
[EventCountry "AUT"]
[SourceTitle "CBM 215 Extra"]
[Source "ChessBase"]
[SourceDate "2023.09.30"]
[SourceVersion "1"]
[SourceVersionDate "2023.09.30"]
[SourceQuality "1"]

1. e4 c5 2. Nf3 e6 3. d4 cxd4 4. Nxd4 Nc6 5. Nc3 Qc7 6. a3 a6 7. Be3 Nf6 8. Be2 Be7 9. g4 d6 10. g5 Nd7 11. Qd2 Na5 12. f4 Nc4 13. Bxc4 Qxc4 14. Qe2 Qxe2+ 15. Kxe2 Nb8 16. Rad1 Nc6 17. Nf3 b5 18. Bb6 b4 19. axb4 Nxb4 20. Bc7 Nxc2 21. Bxd6 Nb4 22. Ne5 f6 23. gxf6 gxf6 24. Bxb4 Bxb4 25. Nc6 a5 26. Rd8+ Kf7 27. Rxh8 Ba6+ 28. Kd2 Rxh8 29. Ra1 Bb7 30. Nxb4 axb4 31. Nb5 Kg6 32. Rg1+ Kh5 33. Ke3 Ba6 34. Nd4 Rd8 35. Ra1 Rd6 36. e5 Rb6 37. Rg1 fxe5 38. Rg5+ Kh6 39. Rxe5 Bc8 40. Rg5 Bd7 41. Rg8 Ba4 42. Ke4 Bd1 43. Ke5 Ra6 44. Rg1 Bh5 45. f5 Ra5+ 46. Kxe6 Ra6+ 47. Ke5 Ra5+ 48. Kf6 Rd5 49. Ne6 Rd2 50. b3 Rxh2 51. Rg3 Rf2 52. Ng7 Rc2 53. Nxh5 Kxh5 54. Kg7 Rc7+ 55. Kg8 Rc3 56. Rxc3 bxc3 57. f6 c2 58. f7 c1Q 59. f8Q h6 1/2-1/2

[Event "AUT-chT2O 2122"]
[Site "Austria"]
[Date "2022.03.13"]
[Round "9.2"]
[White "Schwab, Lukas"]
[Black "Groetz, Harald"]
[Result "1-0"]
[WhiteElo "2168"]
[BlackElo "2299"]
[PlyCount "131"]
[EventDate "2021.10.16"]
[EventType "team-tourn"]
[EventRounds "11"]
[EventCountry "AUT"]
[SourceTitle "EXT 2023"]
[Source "ChessBase"]
[SourceDate "2022.10.05"]
[SourceVersion "1"]
[SourceVersionDate "2022.10.05"]
[SourceQuality "1"]
[WhiteTeam "Donaustadt"]
[BlackTeam "Mistelbach/Altlichtenwarth"]
[WhiteTeamCountry "AUT"]
[BlackTeamCountry "AUT"]

1. e4 d5 2. exd5 Qxd5 3. Nc3 Qd6 4. Nf3 Nf6 5. d3 Nc6 6. Be2 e5 7. 0-0 Bg4 8. Bg5 Be7 9. Re1 0-0-0 10. Qc1 h6 11. Bh4 Bxf3 12. Bxf3 Nd4 13. Bd1 Rhe8 14. Bg3 Bf8 15. Ne4 Nxe4 16. dxe4 Be7 17. c3 Bg5 18. Qb1 Nc6 19. Bb3 Qf6 20. Rd1 h5 21. h3 h4 22. Bh2 Ne7 23. Qc2 Ng6 24. Rxd8+ Rxd8 25. Rd1 Bf4 26. Rxd8+ Kxd8 27. Bc4 Ke7 28. Bxf4 Nxf4 29. Be2 Qg6 30. Bg4 Qd6 31. Be2 a5 32. Kh2 b6 33. Bb5 Qc5 34. Bf1 b5 35. Qd2 b4 36. cxb4 axb4 37. g3 hxg3+ 38. fxg3 Ne6 39. Kg2 f6 40. Be2 Nd4 41. Bd3 g5 42. Qd1 Ne6 43. Qg1 Qd6 44. Qe3 Qc6 45. Qd2 Qc5 46. Qf2 Nd4 47. Qd2 Kf7 48. Qd1 Kg7 49. h4 Ne6 50. Qg4 Qe7 51. Bc4 Nf8 52. hxg5 fxg5 53. Qf5 Nd7 54. Be6 Nf8 55. Qxe5+ Kh6 56. Qh8+ Kg6 57. Bf5+ Kf7 58. Qd4 c5 59. Qd5+ Kg7 60. e5 c4 61. Qd4 Qc7 62. e6+ Kg8 63. Qf6 Qb7+ 64. Kh2 Nh7 65. Qg6+ Kf8 66. Qxh7 1-0

[Event "Donau op 30th"]
[Site "Aschach"]
[Date "2021.12.31"]
[Round "7"]
[White "Postlmayer, Jakob"]
[Black "Groetz, Harald"]
[Result "0-1"]
[WhiteElo "2269"]
[BlackElo "2291"]
[PlyCount "74"]
[EventDate "2021.12.26"]
[EventType "swiss"]
[EventRounds "7"]
[EventCountry "AUT"]
[SourceTitle "EXT 2023"]
[Source "ChessBase"]
[SourceDate "2022.10.05"]
[SourceVersion "1"]
[SourceVersionDate "2022.10.05"]
[SourceQuality "1"]

1. d4 Nf6 2. c4 c6 3. Nf3 d5 4. Nc3 dxc4 5. a4 Bf5 6. Ne5 Nbd7 7. Nxc4 Nb6 8. Ne5 a5 9. e3 e6 10. g4 Bg6 11. h4 Bb4 12. h5 Be4 13. f3 Bd5 14. h6 g6 15. e4 Nxe4 16. fxe4 Bxe4 17. Rh3 f6 18. Nc4 0-0 19. Nxb6 Qxb6 20. Be3 Rad8 21. Qb3 Bd5 22. Bc4 Bxc3+ 23. Qxc3 Bxc4 24. Qxc4 Qxb2 25. Qa2 Qb4+ 26. Ke2 Rf7 27. Rf3 Rd5 28. Raf1 f5 29. Rb1 Qe7 30. g5 e5 31. dxe5 Qxe5 32. Qb2 f4 33. Rxf4 Rxf4 34. Qxb7 Rf7 35. Qc8+ Rf8 36. Qg4 Re8 37. Qh3 Qe4 0-1

[Event "Donau op 30th"]
[Site "Aschach"]
[Date "2021.12.29"]
[Round "5"]
[White "Lerch, Johannes"]
[Black "Groetz, Harald"]
[Result "1/2-1/2"]
[WhiteElo "2155"]
[BlackElo "2291"]
[PlyCount "102"]
[EventDate "2021.12.26"]
[EventType "swiss"]
[EventRounds "7"]
[EventCountry "AUT"]
[SourceTitle "EXT 2023"]
[Source "ChessBase"]
[SourceDate "2022.10.05"]
[SourceVersion "1"]
[SourceVersionDate "2022.10.05"]
[SourceQuality "1"]

1. e4 d5 2. exd5 Qxd5 3. Nc3 Qd6 4. d4 Nf6 5. Nf3 c6 6. h3 Bf5 7. Bd3 Bxd3 8. Qxd3 Nbd7 9. 0-0 e6 10. Ne2 Qc7 11. Bf4 Bd6 12. Bxd6 Qxd6 13. Rad1 0-0 14. Qb3 a5 15. c4 b5 16. Rc1 Rfb8 17. cxb5 cxb5 18. Nd2 Qb4 19. Rfd1 Nd5 20. Ne4 Rc8 21. N4c3 Nxc3 22. bxc3 Qc4 23. Qxc4 Rxc4 24. d5 exd5 25. Rxd5 Nc5 26. Rb1 b4 27. cxb4 axb4 28. Rd4 Rc2 29. Nf4 g5 30. Nh5 Kf8 31. Rbxb4 Raxa2 32. Rdc4 Rxc4 33. Rxc4 Nd3 34. Rc8+ Ke7 35. Rh8 Nxf2 36. Rxh7 Nd3 37. Rg7 Ra5 38. Rg8 Ne5 39. Ng3 Ng6 40. Ne4 Re5 41. Nf2 Nf4 42. g3 Ne6 43. Ra8 Re1+ 44. Kg2 f5 45. Ra4 Rc1 46. h4 Rc2 47. hxg5 Nxg5 48. Ra5 Kf6 49. Ra6+ Kg7 50. Ra7+ Kf6 51. Ra6+ Kg7 1/2-1/2

[Event "Donau op 30th"]
[Site "Aschach"]
[Date "2021.12.28"]
[Round "4"]
[White "Groetz, Harald"]
[Black "Koller, Hans Juergen"]
[Result "1-0"]
[WhiteElo "2291"]
[BlackElo "2141"]
[PlyCount "85"]
[EventDate "2021.12.26"]
[EventType "swiss"]
[EventRounds "7"]
[EventCountry "AUT"]
[SourceTitle "EXT 2023"]
[Source "ChessBase"]
[SourceDate "2022.10.05"]
[SourceVersion "1"]
[SourceVersionDate "2022.10.05"]
[SourceQuality "1"]

1. e4 c5 2. Nf3 e6 3. d4 cxd4 4. Nxd4 Nc6 5. Nc3 Qc7 6. g3 a6 7. Bg2 Nf6 8. 0-0 Nxd4 9. Qxd4 Bc5 10. Qd3 Ng4 11. Qe2 Ne5 12. Bf4 d6 13. Rad1 Bd7 14. Be3 Bb4 15. Rfe1 Nc4 16. Rd4 Rc8 17. Bc1 0-0 18. Red1 Nxb2 19. Rxb4 Nxd1 20. Nxd1 Bb5 21. Rxb5 axb5 22. Ne3 Qa5 23. a3 Ra8 24. Bd2 Qxa3 25. Qxb5 Qa1+ 26. Bf1 Qe5 27. Qd3 Rfc8 28. Nc4 Qc5 29. Be3 Qb4 30. Nb6 Ra3 31. Nxc8 Rxd3 32. Bxd3 g6 33. Kg2 f5 34. exf5 gxf5 35. Nb6 Kf7 36. Nc4 e5 37. Bd2 Qc5 38. Ne3 e4 39. Bc4+ Kg6 40. Be6 Qd4 41. Be1 f4 42. gxf4 Kf6 43. Bc3 1-0

[Event "AUT-chT2O 1920"]
[Site "Austria"]
[Date "2019.12.07"]
[Round "5.3"]
[White "Groetz, Harald"]
[Black "Schwab, Lukas"]
[Result "1/2-1/2"]
[WhiteElo "2312"]
[BlackElo "2166"]
[PlyCount "222"]
[EventDate "2019.10.19"]
[EventType "team-tourn"]
[EventRounds "11"]
[EventCountry "AUT"]
[SourceTitle "CBM 193 Extra"]
[Source "ChessBase"]
[SourceDate "2020.01.31"]
[SourceVersion "1"]
[SourceVersionDate "2020.01.31"]
[SourceQuality "1"]
[WhiteTeam "Mistelbach/Altlichtenwarth"]
[BlackTeam "Donaustadt"]
[WhiteTeamCountry "AUT"]
[BlackTeamCountry "AUT"]

1. Nf3 d5 2. g3 c6 3. Bg2 Nf6 4. b3 g6 5. Bb2 Bg7 6. c4 0-0 7. 0-0 Bf5 8. d3 Qb6 9. Qc2 Na6 10. a3 Rfd8 11. Nbd2 Bg4 12. Rfe1 Bxf3 13. Bxf3 Nc7 14. c5 Qa6 15. e3 Ne6 16. b4 b5 17. a4 Qb7 18. axb5 Qxb5 19. Bxf6 Bxf6 20. d4 Rdb8 21. Reb1 a6 22. Nb3 Qb7 23. Be2 Qc8 24. Na5 Qe8 25. Qa4 Nd8 26. f4 Qd7 27. Qd1 Qe6 28. Kf2 Qh3 29. Qh1 g5 30. Qg2 Qf5 31. Rb2 Bg7 32. Kg1 g4 33. Ra3 Qe6 34. Kf2 Ra7 35. Qf1 Qe4 36. Qb1 Qe6 37. Bd3 Qh6 38. Kg1 Kh8 39. Qf1 Qe6 40. Qe2 h5 41. h3 Kg8 42. hxg4 hxg4 43. Bxa6 Nb7 44. Nxb7 Rbxb7 45. Ra5 Rb8 46. Qd3 Rba8 47. Rd2 Qh6 48. Rh2 Qe6 49. Kf1 Rxa6 50. Rxa6 Rxa6 51. Qxa6 Qxe3 52. Qc8+ Bf8 53. Qxg4+ Bg7 54. Qc8+ Bf8 55. Qg4+ Bg7 56. Re2 Qxd4 57. Rxe7 Kf8 58. Re1 Bf6 59. Qf5 Qc3 60. Qc8+ Kg7 61. Qg4+ Kf8 62. f5 d4 63. Qf4 Kg7 64. Qg4+ Kf8 65. Qf4 Kg7 66. g4 Bh4 67. f6+ Bxf6 68. g5 Bd8 69. Qe5+ Kh7 70. Qh2+ Kg6 71. Qd6+ Kh5 72. Qh6+ Kg4 73. Re4+ Kf5 74. Qh7+ Kxg5 75. Qg7+ Kh5 76. Qg4+ Kh6 77. Rxd4 Bg5 78. Rd1 Qf6+ 79. Kg2 Qb2+ 80. Kh1 Qe5 81. Qh3+ Kg7 82. Qg4 Kh6 83. Qd4 Qe2 84. Qh8+ Kg6 85. Qg8+ Kh6 86. Qh8+ Kg6 87. Qg8+ Kh6 88. Qf8+ Kg6 89. Qd6+ Kg7 90. Qd4+ Kh6 91. Qd3 Qe8 92. Kg2 f5 93. Qd6+ Kh5 94. Rh1+ Bh4 95. Qd1+ Kg5 96. Qd2+ f4 97. Qd3 Qg8 98. Kf3 Qe8 99. Kg2 Qg8 100. Kf1 Qe8 101. Qe2 Qf7 102. Qe5+ Kg4 103. Qe2+ Kg5 104. Rg1+ Bg3 105. Qd3 Kg4 106. b5 cxb5 107. Qxb5 Qd5 108. Qe2+ f3 109. Qc2 Qe6 110. Rxg3+ Kxg3 111. Qf2+ Kg4 1/2-1/2

[Event "AUT-chT2O 1920"]
[Site "Austria"]
[Date "2019.11.17"]
[Round "4.3"]
[White "Sadilek, Maximilian"]
[Black "Groetz, Harald"]
[Result "0-1"]
[WhiteElo "2313"]
[BlackElo "2312"]
[PlyCount "80"]
[EventDate "2019.10.19"]
[EventType "team-tourn"]
[EventRounds "11"]
[EventCountry "AUT"]
[SourceTitle "CBM 193 Extra"]
[Source "ChessBase"]
[SourceDate "2020.01.31"]
[SourceVersion "1"]
[SourceVersionDate "2020.01.31"]
[SourceQuality "1"]
[WhiteTeam "Tschaturanga"]
[BlackTeam "Mistelbach/Altlichtenwarth"]
[WhiteTeamCountry "AUT"]
[BlackTeamCountry "AUT"]

1. e4 c5 2. Nc3 a6 3. g3 b5 4. Bg2 Bb7 5. Nge2 e6 6. 0-0 b4 7. Na4 Nf6 8. d4 Nxe4 9. c4 bxc3 10. bxc3 d5 11. Rb1 Ra7 12. Be3 Nd7 13. c4 Be7 14. Bxe4 dxe4 15. dxc5 Bc6 16. Nd4 Qc7 17. Rb6 Ba8 18. Qa1 0-0 19. Rfb1 Nxc5 20. Nxc5 Bxc5 21. Rxe6 fxe6 22. Nxe6 Bxe3 23. fxe3 Qd6 24. Nxf8 Kxf8 25. Rd1 Qc5 26. Rd8+ Ke7 27. Rd4 Bc6 28. Kg2 Qf5 29. Qc3 Ke8 30. Rd6 Rf7 31. Qe1 Qf3+ 32. Kg1 Rd7 33. Rxd7 Bxd7 34. Qc3 Kf7 35. Qd4 Bh3 36. Qd5+ Kg6 37. Qc6+ Kg5 38. Qd5+ Kh6 39. Qd6+ g6 40. Qf4+ Qxf4 0-1

[Event "Niederoesterreich Landesliga 1920"]
[Site "Austria"]
[Date "2019.10.27"]
[Round "3.1"]
[White "Groetz, Harald"]
[Black "Morgunov, Marc"]
[Result "1/2-1/2"]
[WhiteElo "2322"]
[BlackElo "2345"]
[PlyCount "54"]
[EventDate "2019.09.22"]
[EventType "team-tourn"]
[EventRounds "9"]
[EventCountry "AUT"]
[SourceTitle "CBM 195 Extra"]
[Source "ChessBase"]
[SourceDate "2020.05.31"]
[SourceVersion "1"]
[SourceVersionDate "2020.05.31"]
[SourceQuality "1"]
[WhiteTeam "Stockerau"]
[BlackTeam "Kottingbrunn"]
[WhiteTeamCountry "AUT"]
[BlackTeamCountry "AUT"]

1. Nf3 Nf6 2. g3 g6 3. b3 Bg7 4. Bb2 0-0 5. Bg2 d5 6. c4 c5 7. cxd5 Nxd5 8. Bxg7 Kxg7 9. 0-0 Nc6 10. d4 cxd4 11. Nxd4 Nxd4 12. Qxd4+ Nf6 13. Rd1 Qxd4 14. Rxd4 Rb8 15. Na3 Bg4 16. h3 Bxe2 17. Re1 e5 18. Rd6 Ba6 19. b4 b6 20. b5 Bc8 21. Rxe5 Be6 22. Nc2 Rfd8 23. Rxd8 Rxd8 24. Nb4 Rd1+ 25. Kh2 Rd2 26. Kg1 Rd1+ 27. Kh2 Rd2 1/2-1/2

[Event "Vienna op"]
[Site "Vienna"]
[Date "2019.08.24"]
[Round "9"]
[White "Gilevich, Artem"]
[Black "Groetz, Harald"]
[Result "1-0"]
[WhiteElo "2424"]
[BlackElo "2322"]
[PlyCount "69"]
[EventDate "2019.08.17"]
[EventType "swiss"]
[EventRounds "9"]
[EventCountry "AUT"]
[SourceTitle "EXT 2020"]
[Source "ChessBase"]
[SourceDate "2019.10.17"]
[SourceVersion "1"]
[SourceVersionDate "2019.10.17"]
[SourceQuality "1"]

1. Nf3 d5 2. c4 c6 3. d4 Nf6 4. Qb3 dxc4 5. Qxc4 g6 6. Nc3 b5 7. Qd3 Bg7 8. e4 b4 9. Na4 Ba6 10. Qc2 Bxf1 11. Kxf1 0-0 12. Bd2 Qa5 13. Re1 Qb5+ 14. Kg1 e6 15. e5 Nd5 16. h4 h5 17. Nc5 Ne7 18. Qe4 Na6 19. Nxa6 Qxa6 20. Bxb4 Rfe8 21. Ba3 Nd5 22. Rh3 Bf8 23. Ng5 Bxa3 24. Rxa3 Qc4 25. Rf3 Re7 26. b3 Qb4 27. Rc1 Qb7 28. g4 hxg4 29. Qxg4 Kg7 30. h5 Qd7 31. Kg2 Rg8 32. hxg6 fxg6 33. Rh1 Rh8 34. Rxh8 Kxh8 35. Qh4+ 1-0

[Event "Niederoesterreich Landesliga 1819"]
[Site "Austria"]
[Date "2019.03.17"]
[Round "10.1"]
[White "Groetz, Harald"]
[Black "Sandhoefner, Florian"]
[Result "0-1"]
[WhiteElo "2339"]
[BlackElo "2332"]
[PlyCount "110"]
[EventDate "2018.09.30"]
[EventType "team-tourn"]
[EventRounds "11"]
[EventCountry "AUT"]
[SourceTitle "CBM 189 Extra"]
[Source "ChessBase"]
[SourceDate "2019.06.03"]
[SourceVersion "1"]
[SourceVersionDate "2019.06.03"]
[SourceQuality "1"]
[WhiteTeam "Stockerau"]
[BlackTeam "Amstetten"]
[WhiteTeamCountry "AUT"]
[BlackTeamCountry "AUT"]

1. Nf3 d5 2. g3 Nf6 3. Bg2 c6 4. b3 Bf5 5. Bb2 e6 6. c4 Nbd7 7. d3 h6 8. 0-0 Be7 9. Nbd2 0-0 10. a3 Bh7 11. Qc2 Bd6 12. b4 e5 13. c5 Bc7 14. e4 Qe7 15. Rfe1 a5 16. Qb3 axb4 17. axb4 Rxa1 18. Bxa1 Ra8 19. Bb2 Qe6 20. Qc3 Ra2 21. Qc1 Ra4 22. Qc2 Rxb4 23. Ba3 Rb5 24. exd5 Nxd5 25. Nd4 exd4 26. Rxe6 fxe6 27. Nb3 Ne5 28. Bxd5 exd5 29. Nxd4 Bxd3 30. Qc3 Ba5 31. Nxb5 Bxc3 32. Nxc3 d4 33. Na4 Be2 34. f4 Nc4 35. Bc1 Kf7 36. Kf2 Bg4 37. Nb2 Na5 38. Nd3 Ke6 39. Ne5 Bf5 40. g4 Be4 41. Ke1 Nb3 42. Ba3 g5 43. Nc4 gxf4 44. Nd2 Nxd2 45. Kxd2 Bf3 46. h3 Bg2 47. h4 Bf3 48. g5 hxg5 49. hxg5 Be4 50. Ke1 Kd5 51. Kf2 Kc4 52. Ke1 f3 53. Kf1 Kc3 54. Ke1 d3 55. Bc1 f2+ 0-1

[Event "AUT-chT2O 1819"]
[Site "Austria"]
[Date "2019.01.12"]
[Round "6.2"]
[White "Sadilek, Maximilian"]
[Black "Groetz, Harald"]
[Result "1-0"]
[WhiteElo "2245"]
[BlackElo "2339"]
[PlyCount "87"]
[EventDate "2018.10.06"]
[EventType "team-tourn"]
[EventRounds "11"]
[EventCountry "AUT"]
[SourceTitle "CBM 189 Extra"]
[Source "ChessBase"]
[SourceDate "2019.06.03"]
[SourceVersion "1"]
[SourceVersionDate "2019.06.03"]
[SourceQuality "1"]
[WhiteTeam "Tschaturanga"]
[BlackTeam "Mistelbach/Altlichtenwarth"]
[WhiteTeamCountry "AUT"]
[BlackTeamCountry "AUT"]

1. e4 c5 2. Nf3 d6 3. Bb5+ Bd7 4. Bxd7+ Nxd7 5. 0-0 Ngf6 6. Re1 g6 7. c3 Bg7 8. d4 e5 9. dxe5 dxe5 10. Na3 0-0 11. Bg5 h6 12. Bh4 Qc7 13. Nc4 b5 14. Bxf6 Bxf6 15. Ne3 Nb6 16. Qe2 c4 17. Rad1 Rad8 18. h4 h5 19. Nd5 Nxd5 20. exd5 Rfe8 21. Qe4 Qc5 22. Rd2 Bg7 23. Red1 f5 24. Qe2 Bh6 25. Ng5 Bxg5 26. hxg5 Rd6 27. g3 e4 28. Rd4 Re5 29. Qd2 Qc7 30. b3 cxb3 31. axb3 Qd8 32. Qf4 Qe7 33. Qe3 Qf7 34. c4 Rd7 35. Qf4 Qe7 36. d6 Qe6 37. Rd5 Rxd5 38. Rxd5 bxc4 39. bxc4 a5 40. Qd2 a4 41. c5 a3 42. c6 a2 43. Qxa2 Rxd6 44. Qa8+ 1-0

[Event "Niederoesterreich Landesliga 1819"]
[Site "Austria"]
[Date "2018.12.09"]
[Round "6.1"]
[White "Ganaus, Hannes"]
[Black "Groetz, Harald"]
[Result "1/2-1/2"]
[WhiteElo "2290"]
[BlackElo "2339"]
[PlyCount "22"]
[EventDate "2018.09.30"]
[EventType "team-tourn"]
[EventRounds "11"]
[EventCountry "AUT"]
[SourceTitle "CBM 189 Extra"]
[Source "ChessBase"]
[SourceDate "2019.06.03"]
[SourceVersion "1"]
[SourceVersionDate "2019.06.03"]
[SourceQuality "1"]
[WhiteTeam "Poechlarn"]
[BlackTeam "Stockerau"]
[WhiteTeamCountry "AUT"]
[BlackTeamCountry "AUT"]

1. d4 d5 2. c4 c6 3. Nf3 Nf6 4. e3 a6 5. Bd3 Bg4 6. Nbd2 b5 7. b3 e6 8. 0-0 Nbd7 9. Qc2 Be7 10. Bb2 Bh5 11. Rfe1 Bg6 1/2-1/2

[Event "Niederoesterreich Landesliga 1819"]
[Site "Austria"]
[Date "2018.11.11"]
[Round "4.1"]
[White "Rubil, Marko"]
[Black "Groetz, Harald"]
[Result "1-0"]
[WhiteElo "2201"]
[BlackElo "2339"]
[PlyCount "97"]
[EventDate "2018.09.30"]
[EventType "team-tourn"]
[EventRounds "11"]
[EventCountry "AUT"]
[SourceTitle "CBM 189 Extra"]
[Source "ChessBase"]
[SourceDate "2019.06.03"]
[SourceVersion "1"]
[SourceVersionDate "2019.06.03"]
[SourceQuality "1"]
[WhiteTeam "Baden Invest"]
[BlackTeam "Stockerau"]
[WhiteTeamCountry "AUT"]
[BlackTeamCountry "AUT"]

1. e4 c5 2. Nf3 e6 3. d4 cxd4 4. Nxd4 a6 5. Bd3 Bc5 6. Nb3 Be7 7. Qg4 g6 8. c4 Nc6 9. Qg3 Nb4 10. 0-0 d6 11. Nc3 Nxd3 12. Qxd3 Nf6 13. h3 0-0 14. Bh6 Re8 15. f4 b5 16. cxb5 axb5 17. a3 Ba6 18. Qe3 b4 19. axb4 Bxf1 20. Rxf1 d5 21. f5 Nxe4 22. fxe6 f5 23. Nxe4 dxe4 24. Nc5 Bxc5 25. bxc5 Rxe6 26. Qc3 Qf6 27. Qc4 Kf7 28. Bd2 Qd8 29. Bc3 Qd3 30. Qb3 Rae8 31. Ra1 Qe3+ 32. Kh1 Qxc5 33. Ra5 Qc6 34. Qd1 Qc4 35. Qe1 R8e7 36. Qh4 Qf1+ 37. Kh2 h5 38. Qg5 e3 39. Qh6 Ke8 40. Qh8+ Kd7 41. Ra7+ Kc6 42. Qc8+ Kb5 43. Ra5+ Kb6 44. Qc5+ Kb7 45. Rb5+ Ka6 46. Ra5+ Kb7 47. Ra7+ Kb8 48. Be5+ Rxe5 49. Qb6+ 1-0

[Event "Niederoesterreich Landesliga 1718"]
[Site "Austria"]
[Date "2018.02.18"]
[Round "8.1"]
[White "Groetz, Harald"]
[Black "Blohberger, Felix"]
[Result "1/2-1/2"]
[WhiteElo "2335"]
[BlackElo "2335"]
[PlyCount "138"]
[EventDate "2017.10.01"]
[EventType "team-tourn"]
[EventRounds "11"]
[EventCountry "AUT"]
[SourceTitle "EXT 2019"]
[Source "ChessBase"]
[SourceDate "2018.10.10"]
[SourceVersion "1"]
[SourceVersionDate "2018.10.10"]
[SourceQuality "1"]
[WhiteTeam "Stockerau"]
[BlackTeam "Kottingbrunn"]
[WhiteTeamCountry "AUT"]
[BlackTeamCountry "AUT"]

1. Nf3 Nf6 2. g3 b6 3. Bg2 Bb7 4. b3 e5 5. d3 g6 6. Bb2 d6 7. 0-0 Bg7 8. e4 0-0 9. Nc3 Nc6 10. Nd2 Nh5 11. Ne2 Qd7 12. f4 exf4 13. Bxg7 Nxg7 14. Nxf4 Ne7 15. Nf3 Rae8 16. Qd2 d5 17. exd5 Nxd5 18. Rae1 Nxf4 19. Qxf4 Ne6 20. Qd2 Bxf3 21. Rxf3 Nd4 22. Rfe3 c5 23. c3 Nb5 24. a4 Nc7 25. Re4 Rxe4 26. Rxe4 Rd8 27. Bf1 Qd5 28. Qf4 Ne6 29. Qf6 Re8 30. b4 cxb4 31. Rxb4 Rc8 32. Rb5 Qc6 33. c4 Rd8 34. Bg2 Qc7 35. Bd5 Re8 36. d4 Qd8 37. Qxd8 Rxd8 38. Bxe6 fxe6 39. d5 exd5 40. cxd5 Kf7 41. a5 Rd6 42. axb6 axb6 43. Kf2 Kf6 44. Ke2 Ke5 45. Ke3 g5 46. g4 Rh6 47. d6+ Ke6 48. Rxb6 Rxh2 49. Rb5 h6 50. Rd5 Kd7 51. Rd4 Rg2 52. Kf3 Rg1 53. Kf2 Rc1 54. Kf3 Rf1+ 55. Kg3 Rf6 56. Ra4 Rxd6 57. Ra5 Rd3+ 58. Kg2 Ke6 59. Ra6+ Rd6 60. Ra5 Kf6 61. Rb5 Rd2+ 62. Kg3 Rd3+ 63. Kg2 Ke6 64. Ra5 Rd5 65. Ra6+ Ke5 66. Rxh6 Kf4 67. Rf6+ Kxg4 68. Rf2 Rd3 69. Ra2 Kh4 1/2-1/2

[Event "Niederoesterreich Landesliga 1718"]
[Site "Austria"]
[Date "2017.12.10"]
[Round "6.1"]
[White "Groetz, Harald"]
[Black "Weinzettl, Ernst"]
[Result "1/2-1/2"]
[WhiteElo "2335"]
[BlackElo "2278"]
[PlyCount "118"]
[EventDate "2017.10.01"]
[EventType "team-tourn"]
[EventRounds "11"]
[EventCountry "AUT"]
[SourceTitle "EXT 2019"]
[Source "ChessBase"]
[SourceDate "2018.10.10"]
[SourceVersion "1"]
[SourceVersionDate "2018.10.10"]
[SourceQuality "1"]
[WhiteTeam "Stockerau"]
[BlackTeam "Poechlarn"]
[WhiteTeamCountry "AUT"]
[BlackTeamCountry "AUT"]

1. Nf3 d5 2. g3 Bg4 3. Bg2 Nc6 4. d4 Qd7 5. Nc3 e6 6. 0-0 Bxf3 7. Bxf3 f5 8. Bf4 Bd6 9. Bxd6 cxd6 10. Bg2 Nf6 11. f3 0-0 12. Qd2 Qc7 13. e3 Na5 14. b3 a6 15. Ne2 Rac8 16. Rac1 b5 17. c3 Qb6 18. Kh1 Nb7 19. Nf4 Nd8 20. Nd3 Nf7 21. Nf2 Rc7 22. e4 dxe4 23. fxe4 d5 24. e5 Ne4 25. Bxe4 dxe4 26. g4 Nxe5 27. dxe5 e3 28. Qe2 exf2 29. Rxf2 fxg4 30. Rxf8+ Kxf8 31. Rf1+ Rf7 32. Rxf7+ Kxf7 33. Qxg4 Qc6+ 34. Kg1 Qxc3 35. Qf4+ Ke8 36. Qe4 Qa1+ 37. Kf2 Qxa2+ 38. Kg1 Qxb3 39. Qc6+ Kf7 40. Qb7+ Kg6 41. Qe4+ Kg5 42. h4+ Kh6 43. Qf4+ Kg6 44. Qe4+ Kh5 45. Qxh7+ Kg4 46. Qxg7+ Kxh4 47. Qf6+ Kg4 48. Kf2 Qg3+ 49. Ke2 Qg2+ 50. Ke3 Qh3+ 51. Kd4 Kg3 52. Kc5 Qg4 53. Kd6 b4 54. Qf1 a5 55. Qe1+ Kf4 56. Qc1+ Kf5 57. Qc2+ Kg5 58. Qc1+ Kf5 59. Qc2+ Kg5 1/2-1/2

[Event "Niederoesterreich Landesliga 1718"]
[Site "Austria"]
[Date "2017.10.01"]
[Round "1.1"]
[White "Blatny, Pavel"]
[Black "Groetz, Harald"]
[Result "1/2-1/2"]
[WhiteElo "2351"]
[BlackElo "2335"]
[PlyCount "117"]
[EventDate "2017.10.01"]
[EventType "team-tourn"]
[EventRounds "11"]
[EventCountry "AUT"]
[SourceTitle "EXT 2019"]
[Source "ChessBase"]
[SourceDate "2018.10.10"]
[SourceVersion "1"]
[SourceVersionDate "2018.10.10"]
[SourceQuality "1"]
[WhiteTeam "Zwettl"]
[BlackTeam "Stockerau"]
[WhiteTeamCountry "AUT"]
[BlackTeamCountry "AUT"]

1. b3 e5 2. Bb2 Nc6 3. e3 g6 4. g3 Bg7 5. Bg2 Nge7 6. Ne2 0-0 7. d3 d6 8. Nd2 Be6 9. h3 Qd7 10. a3 a5 11. Nf3 h6 12. d4 e4 13. Nd2 f5 14. Nf4 Bf7 15. h4 d5 16. c4 Nd8 17. Bh3 Ne6 18. cxd5 Nxd5 19. Nxd5 Qxd5 20. f3 Nc5 21. 0-0 exf3 22. Qxf3 Qxf3 23. Rxf3 Bd5 24. Rff1 Nxb3 25. Nxb3 Bxb3 26. h5 Kh7 27. Rac1 c6 28. Rf4 Rae8 29. Re1 Bc2 30. hxg6+ Kxg6 31. g4 fxg4 32. Rxg4+ Kh7 33. Bg2 Bg6 34. e4 c5 35. e5 cxd4 36. Rxd4 Bf5 37. Rd5 b6 38. Bd4 Re6 39. Rd7 Rg6 40. e6 Re8 41. Bxb6 Bxe6 42. Ra7 Kh8 43. Kh1 Rg8 44. Re7 Bb3 45. Bxa5 Rxg2 46. Kxg2 Bc3+ 47. Kh3 Bxa5 48. R1e5 Bd2 49. Re8 Rxe8 50. Rxe8+ Kg7 51. Re2 Bc1 52. Re1 Bd2 53. Re2 Bc1 54. Re1 Bg5 55. Re4 Kf6 56. a4 Bd2 57. Rd4 Ba5 58. Rd6+ Be6+ 59. Rxe6+ 1/2-1/2